[Event "Wch U14"]
[Site "Al Ain"]
[Date "2013.12.27"]
[Round "10"]
[White "Banik, Siddharth G"]
[Black "Tokranovs, Dmitrijs"]
[Result "0-1"]
[WhiteElo "1978"]
[BlackElo "2273"]
[PlyCount "118"]
[EventDate "2013.12.18"]
[EventType "swiss"]
[EventRounds "11"]
[EventCountry "UAE"]
[SourceTitle "CBM 158 Extra"]
[Source "ChessBase"]
[SourceDate "2014.02.28"]
[SourceVersion "1"]
[SourceVersionDate "2014.02.28"]
[SourceQuality "1"]

1. e4 d5 2. exd5 Qxd5 3. Nc3 Qd6 4. d4 Nf6 5. Bc4 Nc6 6. Nge2 e5 7. 0-0 Bf5 8. d5 Nb4 9. Bb3 0-0-0 10. Bg5 Be7 11. Ng3 Bg4 12. Qc1 h6 13. Bxf6 gxf6 14. Qe3 Kb8 15. Nge4 Qb6 16. Qxb6 axb6 17. a3 Na6 18. f3 Bc8 19. Rad1 f5 20. Ng3 h5 21. Rfe1 h4 22. Nh1 f6 23. Nf2 Rh7 24. Bc4 Nc5 25. b4 Nd7 26. Rd2 Nf8 27. Nfd1 Ng6 28. Ne3 f4 29. Nf1 Rg7 30. h3 Nh8 31. Kh2 Nf7 32. Rf2 Bf5 33. Bb3 Nd6 34. Nd2 Bh7 35. Nc4 Nf5 36. Ne4 Nd4 37. Ba2 Bg8 38. c3 Nf5 39. d6 Nxd6 40. Nexd6 Bxd6 41. Rd1 b5 42. Nxd6 Rxd6 43. Rxd6 cxd6 44. Bb1 Rc7 45. Rd2 d5 46. Ba2 Rd7 47. Bb1 Be6 48. Bd3 Rc7 49. Rc2 d4 50. cxd4 Rxc2 51. Bxc2 exd4 52. Kg1 Kc7 53. Kf2 Kd6 54. Ke2 Bc4+ 55. Kd2 Bf1 56. Bf5 Bxg2 57. Kd3 Ke5 58. Be4 Bxh3 59. Bxb7 Bf1+ 0-1

[Event "Wch U14"]
[Site "Al Ain"]
[Date "2013.12.21"]
[Round "4"]
[White "Banik, Siddharth G"]
[Black "Higgs, Joshua"]
[Result "1-0"]
[WhiteElo "1978"]
[BlackElo "1824"]
[PlyCount "125"]
[EventDate "2013.12.18"]
[EventType "swiss"]
[EventRounds "11"]
[EventCountry "UAE"]
[SourceTitle "CBM 158 Extra"]
[Source "ChessBase"]
[SourceDate "2014.02.28"]
[SourceVersion "1"]
[SourceVersionDate "2014.02.28"]
[SourceQuality "1"]

1. e4 e5 2. Nf3 Nc6 3. Bb5 a6 4. Ba4 Nf6 5. 0-0 b5 6. Bb3 Bc5 7. d3 d6 8. c3 0-0 9. Bg5 h6 10. Bh4 Re8 11. a4 Rb8 12. Nbd2 b4 13. Nc4 bxc3 14. bxc3 Be6 15. Rb1 Ba7 16. Ne3 g5 17. Bxe6 fxe6 18. Rxb8 Nxb8 19. Bg3 Qe7 20. Qb3 Nbd7 21. Qc4 Bxe3 22. fxe3 Nc5 23. d4 exd4 24. e5 Nfe4 25. exd4 d5 26. Qe2 Nxg3 27. hxg3 Ne4 28. Qxa6 Nxg3 29. Re1 Rf8 30. Qd3 Ne4 31. Nd2 Nxd2 32. Qxd2 Qf7 33. Qe2 Qd7 34. Qc2 Qf7 35. Qe2 Qd7 36. Ra1 Qc6 37. Qd3 Kg7 38. a5 Ra8 39. a6 Qb6 40. Kh2 c5 41. Qf1 Rf8 42. Qxf8+ Kxf8 43. a7 cxd4 44. a8Q+ Kf7 45. Qa7+ Qxa7 46. Rxa7+ Kg6 47. cxd4 Kf5 48. Rh7 Ke4 49. Rxh6 Kxd4 50. Rxe6 Ke4 51. Kg3 Kf5 52. Re8 d4 53. Kf3 g4+ 54. Ke2 Kf4 55. e6 Kg3 56. Rg8 d3+ 57. Kxd3 Kxg2 58. Rxg4+ Kh3 59. Rg8 Kh4 60. e7 Kh5 61. e8Q+ Kh4 62. Qe3 Kh5 63. Qg5# 1-0

[Event "Wch U14"]
[Site "Al Ain"]
[Date "2013.12.20"]
[Round "3"]
[White "Absaridze, Gigi"]
[Black "Banik, Siddharth G"]
[Result "1/2-1/2"]
[WhiteElo "1726"]
[BlackElo "1978"]
[PlyCount "78"]
[EventDate "2013.12.18"]
[EventType "swiss"]
[EventRounds "11"]
[EventCountry "UAE"]
[SourceTitle "CBM 158 Extra"]
[Source "ChessBase"]
[SourceDate "2014.02.28"]
[SourceVersion "1"]
[SourceVersionDate "2014.02.28"]
[SourceQuality "1"]

1. e4 c5 2. c3 Nf6 3. e5 Nd5 4. Nf3 Nc6 5. d4 cxd4 6. Bc4 e6 7. cxd4 d6 8. 0-0 Be7 9. a3 0-0 10. Re1 Qc7 11. Bxd5 exd5 12. Nc3 Be6 13. Nb5 Qd7 14. Nxd6 Bxd6 15. exd6 Qxd6 16. Ne5 Nxe5 17. Rxe5 Qb6 18. Re3 Rfe8 19. h3 Rac8 20. Rb3 Qa6 21. Be3 Bf5 22. Rc1 Rc4 23. Rbc3 b5 24. Qd2 h5 25. Qd1 g6 26. Qd2 Re4 27. Rxc4 bxc4 28. Qb4 Kg7 29. Re1 Qf6 30. Qa5 Qe6 31. Bd2 Rxe1+ 32. Bxe1 Bd3 33. Qd2 Qb6 34. Qb4 Qe6 35. Qd2 Qb6 36. Qb4 Qf6 37. Qa5 Qg5 38. Qd2 Qf6 39. Qa5 Qe6 1/2-1/2

[Event "Wch U14"]
[Site "Al Ain"]
[Date "2013.12.18"]
[Round "1"]
[White "Ng, Chi Tou"]
[Black "Banik, Siddharth G"]
[Result "0-1"]
[WhiteElo "1475"]
[BlackElo "1978"]
[PlyCount "72"]
[EventDate "2013.12.18"]
[EventType "swiss"]
[EventRounds "11"]
[EventCountry "UAE"]
[SourceTitle "CBM 158 Extra"]
[Source "ChessBase"]
[SourceDate "2014.02.28"]
[SourceVersion "1"]
[SourceVersionDate "2014.02.28"]
[SourceQuality "1"]

1. e4 c5 2. Nf3 d6 3. d4 cxd4 4. Nxd4 Nf6 5. Nc3 a6 6. Be2 e5 7. Nb3 Be7 8. 0-0 0-0 9. Be3 Be6 10. Nd5 Nbd7 11. f3 b5 12. c4 bxc4 13. Bxc4 Bxd5 14. Bxd5 Nxd5 15. Qxd5 Nf6 16. Qd2 a5 17. Nc1 d5 18. exd5 Nxd5 19. Ne2 Bb4 20. Nc3 Nxe3 21. Qxe3 Rc8 22. Qxe5 Re8 23. Qd5 Qh4 24. Ne4 Rc2 25. Rab1 Qf4 26. Qd3 Rc6 27. a3 Bf8 28. Qb5 Rh6 29. g3 Qe3+ 30. Kh1 Rxe4 31. fxe4 Qxg3 32. Qe2 Bd6 33. Rf2 Qe5 34. Rd1 Rh4 35. Qc4 Rxh2+ 36. Kg1 Qg3+ 0-1

[Event "Wch U12"]
[Site "Maribor"]
[Date "2012.11.17"]
[Round "10.13"]
[White "Banik, Siddharth G"]
[Black "Feng, Roland"]
[Result "0-1"]
[WhiteElo "1949"]
[BlackElo "2080"]
[PlyCount "116"]
[EventDate "2012.11.08"]
[EventType "swiss"]
[EventRounds "11"]
[EventCountry "SLO"]
[SourceTitle "EXT 2013"]
[Source "ChessBase"]
[SourceDate "2012.11.22"]
[SourceVersion "1"]
[SourceVersionDate "2012.11.22"]
[SourceQuality "1"]

1. e4 e6 2. d4 d5 3. Nd2 Nf6 4. e5 Nfd7 5. Bd3 c5 6. c3 Nc6 7. Ne2 Qb6 8. Nf3 cxd4 9. cxd4 f6 10. exf6 Nxf6 11. 0-0 Bd6 12. b3 0-0 13. Bb2 Bd7 14. Ng3 Nb4 15. Bb1 Rac8 16. a3 Nc6 17. Ne5 Na5 18. Nh5 Be8 19. Nxf6+ Rxf6 20. Bc2 Nc6 21. Rc1 Rc7 22. Qd2 Ne7 23. Bc3 Rxc3 24. Qxc3 Bxa3 25. Ra1 Bb4 26. Qh3 Nf5 27. Bxf5 Rxf5 28. Qe3 Bb5 29. Rfc1 Rf8 30. Rc2 a5 31. Rac1 Ba3 32. Ra1 Bb4 33. Nd3 Bxd3 34. Qxd3 g6 35. Rac1 Rf4 36. Rc8+ Kg7 37. Rd1 Be7 38. Qe3 Re4 39. Qc3 Bd6 40. Ra8 Qb4 41. Qc8 Kh6 42. Qc1+ Kg7 43. Qg5 Qxd4 44. Rc1 Bc5 45. Qg3 Qd2 46. Rf1 Rf4 47. Kh1 Rxf2 48. Rg1 Rf4 49. Ra1 e5 50. h3 b6 51. Ra7+ Kh6 52. h4 Rf5 53. Qh3 Qd4 54. Re1 Qf2 55. Rb1 Qe2 56. Ra1 Rf1+ 57. Rxf1 Qxf1+ 58. Kh2 Bg1+ 0-1